[Event "escc2023_50"]
[Site "?"]
[Date "2023.05.28"]
[Round "3.10"]
[White "Lasinskas, Povilas"]
[Black "Vinter-Schou, Uffe"]
[Result "1-0"]
[BlackElo "2351"]
[WhiteElo "2131"]
[LiveChessVersion "1.4.8"]

1. d4 {[%clk 1:30:58]} Nf6 {[%clk 1:30:46]} 2. Nc3 {[%clk 1:30:17]} g6
{[%clk 1:22:48]} 3. Bg5 {[%clk 1:29:16]} Bg7 {[%clk 1:23:09]} 4. Qd2
{[%clk 1:28:41]} h6 {[%clk 1:20:54]} 5. Bh4 {[%clk 1:28:44]} d6 {[%clk 1:17:49]}
6. f4 {[%clk 1:26:46]} Bf5 {[%clk 1:11:11]} 7. e3 {[%clk 1:19:04]} Nbd7
{[%clk 1:05:02]} 8. Bd3 {[%clk 1:17:54]} d5 {[%clk 0:58:10]} 9. Bxf5
{[%clk 1:13:32]} gxf5 {[%clk 0:58:39]} 10. Qd3 {[%clk 1:13:48]} e6
{[%clk 0:58:04]} 11. Nf3 {[%clk 1:14:05]} c5 {[%clk 0:50:32]} 12. Ne5
{[%clk 1:04:11]} c4 {[%clk 0:43:25]} 13. Qe2 {[%clk 1:04:00]} Qb6
{[%clk 0:34:42]} 14. Rb1 {[%clk 1:03:58]} Nxe5 {[%clk 0:29:23]} 15. fxe5
{[%clk 1:04:01]} Nd7 {[%clk 0:29:08]} 16. O-O {[%clk 1:04:21]} h5
{[%clk 0:21:11]} 17. Kh1 {[%clk 1:03:43]} Qc6 {[%clk 0:18:16]} 18. Rf3
{[%clk 1:02:30]} Nf8 {[%clk 0:18:21]} 19. Rh3 {[%clk 1:01:47]} Ng6
{[%clk 0:18:24]} 20. Bg5 {[%clk 1:02:01]} h4 {[%clk 0:18:11]} 21. Qf2
{[%clk 1:01:23]} Kd7 {[%clk 0:17:29]} 22. e4 {[%clk 0:52:26]} dxe4
{[%clk 0:17:46]} 23. d5 {[%clk 0:52:52]} exd5 {[%clk 0:14:43]} 24. Rd1
{[%clk 0:52:48]} Ke6 {[%clk 0:11:13]} 25. Rf1 {[%clk 0:48:16]} f4
{[%clk 0:10:21]} 26. Bxf4 {[%clk 0:48:35]} Raf8 {[%clk 0:08:57]} 27. Bg5
{[%clk 0:45:39]} Bxe5 {[%clk 0:08:55]} 28. Qf5+ {[%clk 0:45:27]} Kd6
{[%clk 0:09:23]} 29. Rd1 {[%clk 0:44:47]} d4 {[%clk 0:08:13]} 30. Rxd4+
{[%clk 0:38:30]} Bxd4 {[%clk 0:04:19]} 31. Nb5+ {[%clk 0:38:53]} Qxb5
{[%clk 0:04:48]} 32. Qxb5 {[%clk 0:39:11]} Bb6 {[%clk 0:01:10]} 33. Bf6
{[%clk 0:38:27]} Rh7 {[%clk 0:01:13]} 34. Qxc4 {[%clk 0:38:11]} Re8
{[%clk 0:01:31]} 35. Bd4 {[%clk 0:35:20]} Re6 {[%clk 0:00:45]} 36. Rc3
{[%clk 0:34:04]} Ke7 {[%clk 0:00:33]} 37. Bxb6 {[%clk 0:34:00]} axb6
{[%clk 0:00:54]} 38. Qd4 {[%clk 0:34:13]} Rh5 {[%clk 0:00:32]} 39. Rc7+
{[%clk 0:33:49]} Kf8 {[%clk 0:01:00]} 40. Rc8+ {[%clk 0:32:04]} Re8
{[%clk 0:01:29]} 41. Qd6+ {[%clk 0:31:06]} Ne7 {[%clk 0:01:37]} 42. Rxe8+
{[%clk 0:31:18]} Kxe8 {[%clk 0:01:53]} 43. Qb8+ {[%clk 0:31:44]} Kd7
{[%clk 0:02:02]} 44. Qxb7+ {[%clk 0:32:08]} Kd6 {[%clk 0:01:56]} 45. Qxe4
{[%clk 0:32:01]} Rd5 {[%clk 0:28:45]} 46. Qb4+ {[%clk 0:57:38]} Kd7
{[%clk 0:28:42]} 47. Kg1 {[%clk 0:57:22]} Nf5 {[%clk 0:16:03]} 48. Qxb6
{[%clk 0:56:33]} Nd6 {[%clk 0:15:32]} 49. Qa7+ {[%clk 0:55:47]} Ke6
{[%clk 0:15:00]} 50. Qe3+ {[%clk 0:55:52]} Kd7 {[%clk 0:14:38]} 51. Qf3
{[%clk 0:53:58]} Rd4 {[%clk 0:11:59]} 52. b3 {[%clk 0:53:34]} f5 {[%clk 0:11:26]}
53. a4 {[%clk 0:53:27]} Ke6 {[%clk 0:11:17]} 54. Qe3+ {[%clk 0:53:20]} Re4
{[%clk 0:11:14]} 55. Qh6+ {[%clk 0:53:33]} Ke5 {[%clk 0:10:30]} 56. a5
{[%clk 0:53:20]} Re2 {[%clk 0:04:01]} 57. Qxh4 {[%clk 0:49:32]} Ne4
{[%clk 0:04:09]} 58. Qe7+ {[%clk 0:48:34]} Kf4 {[%clk 0:04:04]} 59. Qc7+
{[%clk 0:47:02]} Ke3 {[%clk 0:04:09]} 60. Qb6+ {[%clk 0:46:08]} Kf4
{[%clk 0:04:13]} 61. Qh6+ {[%clk 0:45:31]} Ke5 {[%clk 0:04:06]} 62. h4
{[%clk 0:44:01]} Re1+ {[%clk 0:02:11]} 63. Kh2 {[%clk 0:44:27]} f4
{[%clk 0:01:25]} 64. Qg7+ {[%clk 0:44:08]} Kf5 {[%clk 0:01:42]} 65. Qd7+
{[%clk 0:43:04]} Ke5 {[%clk 0:01:23]} 66. a6 {[%clk 0:42:20]} Rc1
{[%clk 0:01:02]} 67. a7 {[%clk 0:40:47]} Nf2 {[%clk 0:00:49]} 68. Qc7+
{[%clk 0:41:07]} 1-0

[Event "escc2023_50"]
[Site "?"]
[Date "2023.05.28"]
[Round "3.11"]
[White "Sigfusson, Sigurdur"]
[Black "Mileto, Gabriele"]
[Result "1-0"]
[BlackElo "2092"]
[WhiteElo "2279"]
[LiveChessVersion "1.4.8"]

1. e4 {[%clk 1:30:56]} c5 {[%clk 1:30:54]} 2. Nf3 {[%clk 1:31:18]} d6
{[%clk 1:31:13]} 3. d4 {[%clk 1:31:29]} cxd4 {[%clk 1:31:37]} 4. Nxd4
{[%clk 1:31:54]} Nf6 {[%clk 1:32:03]} 5. Nc3 {[%clk 1:32:19]} Nc6
{[%clk 1:32:23]} 6. Bc4 {[%clk 1:32:11]} e6 {[%clk 1:32:40]} 7. Bb3
{[%clk 1:32:33]} Be7 {[%clk 1:32:29]} 8. Be3 {[%clk 1:32:40]} O-O
{[%clk 1:32:42]} 9. Qe2 {[%clk 1:32:51]} a6 {[%clk 1:32:55]} 10. O-O-O
{[%clk 1:33:13]} Qc7 {[%clk 1:32:57]} 11. g4 {[%clk 1:33:16]} Nd7
{[%clk 1:30:34]} 12. g5 {[%clk 1:29:35]} Nc5 {[%clk 1:30:46]} 13. Rhg1
{[%clk 1:27:47]} Bd7 {[%clk 1:30:04]} 14. Kb1 {[%clk 1:19:36]} Rfc8
{[%clk 1:28:52]} 15. Nf5 {[%clk 1:12:55]} Bf8 {[%clk 1:22:26]} 16. Nh6+
{[%clk 1:12:44]} Kh8 {[%clk 1:18:54]} 17. Nxf7+ {[%clk 1:12:06]} Kg8
{[%clk 1:19:16]} 18. Nh6+ {[%clk 1:11:00]} Kh8 {[%clk 1:19:21]} 19. Nf7+
{[%clk 1:01:01]} Kg8 {[%clk 1:19:41]} 20. g6 {[%clk 1:01:17]} hxg6
{[%clk 1:15:18]} 21. Ng5 {[%clk 1:00:31]} Ne5 {[%clk 1:11:38]} 22. Bxc5
{[%clk 0:59:56]} Qxc5 {[%clk 1:06:21]} 23. Nxe6 1-0

[Event "escc2023_50"]
[Site "?"]
[Date "2023.05.28"]
[Round "3.12"]
[White "Minnican, Alan"]
[Black "Melikhov, Evgeny V."]
[Result "1/2-1/2"]
[BlackElo "2269"]
[WhiteElo "2052"]
[LiveChessVersion "1.4.8"]

1. e4 {[%clk 1:30:01]} c5 {[%clk 1:30:31]} 2. c3 {[%clk 1:30:17]} d5
{[%clk 1:30:09]} 3. exd5 {[%clk 1:30:16]} Qxd5 {[%clk 1:30:31]} 4. d4
{[%clk 1:30:33]} Nf6 {[%clk 1:30:01]} 5. Nf3 {[%clk 1:30:10]} Bg4
{[%clk 1:29:22]} 6. dxc5 {[%clk 1:29:26]} Qxc5 {[%clk 1:27:37]} 7. Be3
{[%clk 1:29:23]} Qc7 {[%clk 1:25:32]} 8. h3 {[%clk 1:29:19]} Bd7 {[%clk 1:22:03]}
9. Na3 {[%clk 1:27:46]} Nc6 {[%clk 1:15:18]} 10. Nb5 {[%clk 1:17:32]} Qb8
{[%clk 1:14:30]} 11. a4 {[%clk 1:01:41]} e6 {[%clk 1:09:36]} 12. Bc4
{[%clk 0:50:09]} a6 {[%clk 0:57:18]} 13. Nbd4 {[%clk 0:48:32]} Qc7
{[%clk 0:57:18]} 14. O-O {[%clk 0:38:36]} Nxd4 {[%clk 0:53:47]} 15. Qxd4
{[%clk 0:38:58]} Rc8 {[%clk 0:53:58]} 16. Ne5 {[%clk 0:32:45]} Bc5
{[%clk 0:48:15]} 17. Qxc5 {[%clk 0:32:17]} Qxc5 {[%clk 0:48:38]} 18. Bxc5
{[%clk 0:32:44]} Rxc5 {[%clk 0:49:00]} 19. Nxd7 {[%clk 0:33:03]} Kxd7
{[%clk 0:44:19]} 20. Be2 {[%clk 0:31:50]} Kc7 {[%clk 0:44:16]} 21. Rfd1
{[%clk 0:31:54]} Rd8 {[%clk 0:43:45]} 22. Rxd8 {[%clk 0:28:03]} Kxd8
{[%clk 0:43:32]} 23. Rd1+ {[%clk 0:28:25]} Kc7 {[%clk 0:43:50]} 24. Rd4
{[%clk 0:28:34]} g5 {[%clk 0:36:32]} 25. Kf1 {[%clk 0:24:50]} h6 {[%clk 0:28:06]}
26. Ke1 {[%clk 0:23:35]} a5 {[%clk 0:26:12]} 27. Kd2 {[%clk 0:17:28]} Rd5
{[%clk 0:25:25]} 28. Kd3 {[%clk 0:17:19]} Rxd4+ {[%clk 0:17:51]} 29. Kxd4
{[%clk 0:17:39]} b6 {[%clk 0:16:04]} 30. Bf3 {[%clk 0:15:25]} Nd7
{[%clk 0:14:11]} 31. b4 {[%clk 0:15:18]} f5 {[%clk 0:13:47]} 32. Be2
{[%clk 0:12:52]} Kd6 {[%clk 0:11:28]} 33. Kc4 {[%clk 0:11:45]} e5
{[%clk 0:11:07]} 34. Kb5 {[%clk 0:11:39]} e4 {[%clk 0:10:56]} 35. bxa5
{[%clk 0:09:08]} bxa5 {[%clk 0:11:20]} 36. Kxa5 {[%clk 0:09:15]} Kc5
{[%clk 0:10:12]} 37. Ka6 {[%clk 0:09:12]} Nb8+ {[%clk 0:02:48]} 38. Kb7
{[%clk 0:06:26]} Nc6 {[%clk 0:03:07]} 39. Kc7 {[%clk 0:04:27]} f4
{[%clk 0:03:01]} 40. Kd7 {[%clk 0:03:45]} Kd5 {[%clk 0:01:01]} 41. Kc7
{[%clk 0:01:23]} Kc5 {[%clk 0:29:55]} 42. Kd7 {[%clk 0:19:59]} Ne5+
{[%clk 0:28:03]} 43. Kc7 {[%clk 0:15:34]} Nc4 {[%clk 0:23:13]} 44. Kb7
{[%clk 0:13:42]} Na5+ {[%clk 0:20:46]} 45. Kc7 {[%clk 0:09:32]} Nb3
{[%clk 0:19:50]} 46. Kb7 {[%clk 0:08:31]} e3 {[%clk 0:14:06]} 47. fxe3
{[%clk 0:07:52]} fxe3 {[%clk 0:14:31]} 48. Bf1 {[%clk 0:07:05]} Nd2
{[%clk 0:05:48]} 49. Be2 {[%clk 0:07:16]} Nb3 {[%clk 0:05:09]} 50. Bf1
{[%clk 0:07:29]} Nd2 {[%clk 0:04:49]} 51. Be2 {[%clk 0:07:53]} 1/2-1/2

[Event "escc2023_50"]
[Site "?"]
[Date "2023.05.28"]
[Round "3.13"]
[White "Wacker, Peter"]
[Black "Ceccarini, Marco"]
[Result "1/2-1/2"]
[BlackElo "2027"]
[WhiteElo "2265"]
[LiveChessVersion "1.4.8"]

1. e4 {[%clk 1:30:57]} c5 {[%clk 1:29:01]} 2. Nf3 {[%clk 1:31:03]} g6
{[%clk 1:29:20]} 3. d4 {[%clk 1:27:55]} cxd4 {[%clk 1:28:12]} 4. Nxd4
{[%clk 1:28:21]} Bg7 {[%clk 1:28:19]} 5. Nc3 {[%clk 1:28:41]} Nc6
{[%clk 1:28:18]} 6. Nde2 {[%clk 1:28:51]} Nf6 {[%clk 1:25:55]} 7. g3
{[%clk 1:29:08]} d6 {[%clk 1:24:07]} 8. Bg2 {[%clk 1:29:11]} O-O {[%clk 1:20:37]}
9. O-O {[%clk 1:26:47]} a6 {[%clk 1:14:05]} 10. h3 {[%clk 1:26:35]} Qc7
{[%clk 1:09:15]} 11. Be3 {[%clk 1:11:40]} b5 {[%clk 0:51:05]} 12. Nf4
{[%clk 1:05:56]} e6 {[%clk 0:48:17]} 13. Nd3 {[%clk 1:00:12]} Bb7
{[%clk 0:42:52]} 14. a3 {[%clk 0:58:18]} Rac8 {[%clk 0:38:02]} 15. Re1
{[%clk 0:51:48]} Rfd8 {[%clk 0:36:07]} 16. Qe2 {[%clk 0:45:54]} Na5
{[%clk 0:31:41]} 1/2-1/2

[Event "escc2023_50"]
[Site "?"]
[Date "2023.05.28"]
[Round "3.14"]
[White "Cmiel, Thorsten"]
[Black "Dishman, Stephen"]
[Result "0-1"]
[BlackElo "2259"]
[WhiteElo "2046"]
[LiveChessVersion "1.4.8"]

1. e4 {[%clk 1:30:35]} c5 {[%clk 1:30:47]} 2. Nf3 {[%clk 1:31:00]} g6
{[%clk 1:30:59]} 3. d4 {[%clk 1:31:24]} cxd4 {[%clk 1:31:17]} 4. Nxd4
{[%clk 1:31:48]} Nc6 {[%clk 1:31:12]} 5. Nc3 {[%clk 1:32:09]} Bg7
{[%clk 1:30:58]} 6. Nde2 {[%clk 1:32:31]} Nf6 {[%clk 1:31:01]} 7. g3
{[%clk 1:32:56]} b5 {[%clk 1:31:00]} 8. Bg2 {[%clk 1:33:19]} b4 {[%clk 1:31:09]}
9. Nd5 {[%clk 1:33:43]} a5 {[%clk 1:31:15]} 10. Bf4 {[%clk 1:21:24]} O-O
{[%clk 1:22:22]} 11. a3 {[%clk 1:07:42]} Ba6 {[%clk 1:12:23]} 12. O-O
{[%clk 0:59:16]} d6 {[%clk 1:09:03]} 13. axb4 {[%clk 0:55:17]} axb4
{[%clk 1:08:23]} 14. Qd2 {[%clk 0:54:10]} Ng4 {[%clk 1:02:02]} 15. Rab1
{[%clk 0:43:34]} Nge5 {[%clk 1:01:21]} 16. b3 {[%clk 0:43:49]} e6
{[%clk 0:54:48]} 17. Ne3 {[%clk 0:43:24]} Bxe2 {[%clk 0:50:15]} 18. Qxe2
{[%clk 0:43:46]} Nd4 {[%clk 0:50:09]} 19. Qd1 {[%clk 0:44:08]} Ra2
{[%clk 0:45:39]} 20. Kh1 {[%clk 0:35:33]} Nec6 {[%clk 0:44:22]} 21. Nc4
{[%clk 0:35:15]} e5 {[%clk 0:42:36]} 22. Be3 {[%clk 0:34:46]} Rxc2
{[%clk 0:40:20]} 23. Bxd4 {[%clk 0:33:20]} Nxd4 {[%clk 0:40:20]} 24. Ne3
{[%clk 0:33:43]} Ra2 {[%clk 0:35:37]} 25. Nd5 {[%clk 0:33:04]} Qa5
{[%clk 0:35:09]} 26. Ra1 {[%clk 0:32:50]} Rb8 {[%clk 0:29:12]} 27. Rxa2
{[%clk 0:32:46]} Qxa2 {[%clk 0:29:34]} 28. Qd3 {[%clk 0:33:12]} Nxb3
{[%clk 0:12:38]} 29. Qc4 {[%clk 0:33:06]} Qa4 {[%clk 0:12:20]} 30. Qc7
{[%clk 0:30:34]} Qe8 {[%clk 0:07:15]} 31. Qxd6 {[%clk 0:30:24]} Qf8
{[%clk 0:06:48]} 32. Ne7+ {[%clk 0:24:28]} Kh8 {[%clk 0:07:17]} 33. Rb1 Nd4
{[%clk 0:06:22]} 34. Rxb4 {[%clk 0:23:20]} Rd8 {[%clk 0:05:55]} 35. Qc7
{[%clk 0:20:45]} Ne6 {[%clk 0:06:17]} 0-1

[Event "escc2023_50"]
[Site "?"]
[Date "2023.05.28"]
[Round "3.15"]
[White "Zimmermann, Luc"]
[Black "Dieu, Bruno"]
[Result "0-1"]
[BlackElo "2251"]
[WhiteElo "2037"]
[LiveChessVersion "1.4.8"]

1. e4 {[%clk 1:30:57]} e6 {[%clk 1:29:33]} 2. d4 {[%clk 1:31:25]} d5
{[%clk 1:30:02]} 3. Nd2 {[%clk 1:31:34]} Nf6 {[%clk 1:30:21]} 4. e5
{[%clk 1:32:01]} Ne4 {[%clk 1:30:48]} 5. Bd3 {[%clk 1:31:44]} Nxd2
{[%clk 1:30:49]} 6. Bxd2 {[%clk 1:31:58]} c5 {[%clk 1:31:14]} 7. dxc5
{[%clk 1:31:32]} Nd7 {[%clk 1:29:37]} 8. Qe2 {[%clk 1:06:37]} Nxc5
{[%clk 1:25:06]} 9. O-O-O {[%clk 1:06:05]} Nxd3+ {[%clk 1:24:52]} 10. Qxd3
{[%clk 1:04:41]} Bd7 {[%clk 1:24:43]} 11. f4 {[%clk 0:57:47]} Qb6
{[%clk 1:21:18]} 12. Bc3 {[%clk 0:32:17]} g6 {[%clk 1:15:09]} 13. Nf3
{[%clk 0:31:09]} Bb5 {[%clk 1:14:16]} 14. Qd2 {[%clk 0:31:19]} Qa6
{[%clk 1:11:13]} 15. Kb1 {[%clk 0:25:39]} Be2 {[%clk 1:04:30]} 16. Rdg1
{[%clk 0:21:31]} Bxf3 {[%clk 0:59:27]} 17. gxf3 {[%clk 0:21:47]} O-O-O
{[%clk 0:59:17]} 18. Bb4 {[%clk 0:15:07]} Kb8 {[%clk 0:53:31]} 19. Bxf8
{[%clk 0:14:41]} Rhxf8 {[%clk 0:53:54]} 20. a3 {[%clk 0:06:38]} Rd7
{[%clk 0:53:28]} 21. Rc1 {[%clk 0:03:10]} Rc8 {[%clk 0:52:40]} 22. Rhd1
{[%clk 0:03:06]} Qb5 {[%clk 0:47:15]} 23. Qe3 {[%clk 0:01:35]} Rdc7
{[%clk 0:43:35]} 24. Rd4 {[%clk 0:01:33]} a5 {[%clk 0:42:00]} 25. Rd3
{[%clk 0:01:35]} Rc4 {[%clk 0:41:34]} 26. Rd4 {[%clk 0:01:38]} Rxd4
{[%clk 0:34:55]} 27. Qxd4 {[%clk 0:02:07]} Rc4 {[%clk 0:35:16]} 28. Qd2
{[%clk 0:00:48]} a4 {[%clk 0:34:42]} 29. c3 {[%clk 0:00:49]} Qb6 {[%clk 0:31:24]}
30. Rd1 {[%clk 0:00:49]} h5 {[%clk 0:26:23]} 31. Ka1 {[%clk 0:00:56]} Ka7
{[%clk 0:25:01]} 32. Kb1 {[%clk 0:01:16]} Qc5 {[%clk 0:23:22]} 33. Ka1
{[%clk 0:01:34]} b5 {[%clk 0:21:51]} 34. Ka2 {[%clk 0:01:37]} Kb7
{[%clk 0:22:10]} 35. Ka1 {[%clk 0:01:48]} Ka6 {[%clk 0:20:06]} 36. Ka2
{[%clk 0:02:17]} Qb6 {[%clk 0:17:35]} 37. Ka1 {[%clk 0:02:42]} Qd8
{[%clk 0:16:38]} 38. Qe3 {[%clk 0:03:11]} Qh4 {[%clk 0:15:13]} 39. Rd4
{[%clk 0:03:41]} Rc6 {[%clk 0:06:17]} 40. Qe2 {[%clk 0:02:48]} Rc4
{[%clk 0:04:44]} 41. Qe3 {[%clk 0:24:29]} Qe7 {[%clk 0:30:00]} 42. Rd1
{[%clk 0:17:46]} Kb7 {[%clk 0:25:17]} 43. Ka2 {[%clk 0:17:51]} Kc6
{[%clk 0:25:37]} 44. Ka1 {[%clk 0:17:16]} Qc5 {[%clk 0:25:57]} 45. Qd2
{[%clk 0:17:35]} Kd7 {[%clk 0:25:17]} 46. Ka2 {[%clk 0:16:53]} Ke8
{[%clk 0:25:19]} 47. Ka1 {[%clk 0:16:51]} Qe7 {[%clk 0:23:19]} 48. Qe3
{[%clk 0:16:54]} Qh4 {[%clk 0:23:27]} 49. Rd4 {[%clk 0:16:41]} Qxh2
{[%clk 0:19:42]} 50. Rxc4 {[%clk 0:16:19]} bxc4 {[%clk 0:19:17]} 51. Qb6
{[%clk 0:06:04]} Qh4 {[%clk 0:17:11]} 52. Qb8+ {[%clk 0:06:21]} Qd8
{[%clk 0:17:29]} 53. Qb5+ {[%clk 0:06:43]} Kf8 {[%clk 0:17:35]} 54. Qxa4
{[%clk 0:07:04]} Qb6 {[%clk 0:11:20]} 55. Qc2 {[%clk 0:03:08]} Qg1+
{[%clk 0:09:14]} 56. Ka2 {[%clk 0:03:31]} h4 {[%clk 0:09:39]} 57. f5
{[%clk 0:00:59]} exf5 {[%clk 0:08:09]} 58. Qd2 {[%clk 0:01:15]} g5
{[%clk 0:02:20]} 59. Qxd5 {[%clk 0:01:35]} Qb6 {[%clk 0:02:38]} 60. Qxc4
{[%clk 0:01:25]} Qe6 {[%clk 0:02:24]} 0-1

[Event "escc2023_50"]
[Site "?"]
[Date "2023.05.28"]
[Round "3.16"]
[White "Cristiani, Cesare"]
[Black "Contin, Daniel"]
[Result "0-1"]
[BlackElo "2231"]
[WhiteElo "2025"]
[LiveChessVersion "1.4.8"]

1. d4 {[%clk 1:30:52]} Nf6 2. c4 {[%clk 1:31:11]} e6 {[%clk 1:23:12]} 3. Nf3
{[%clk 1:31:33]} Bb4+ {[%clk 1:23:09]} 4. Bd2 {[%clk 1:31:53]} c5
{[%clk 1:23:18]} 5. Bxb4 {[%clk 1:28:08]} cxb4 {[%clk 1:23:45]} 6. Nbd2
{[%clk 1:28:23]} Nc6 {[%clk 1:22:53]} 7. e3 {[%clk 1:28:11]} O-O {[%clk 1:23:08]}
8. Bd3 {[%clk 1:28:27]} d6 {[%clk 1:23:31]} 9. O-O {[%clk 1:28:35]} a5
{[%clk 1:23:08]} 10. b3 {[%clk 1:27:06]} e5 {[%clk 1:21:29]} 11. d5
{[%clk 1:25:09]} Nb8 {[%clk 1:21:35]} 12. Qc2 {[%clk 1:25:02]} Na6
{[%clk 1:21:51]} 13. Ng5 {[%clk 1:21:01]} h6 {[%clk 1:21:43]} 14. Nge4
{[%clk 1:18:34]} Nxe4 {[%clk 1:21:46]} 15. Nxe4 {[%clk 1:18:40]} f5
{[%clk 1:21:34]} 16. Nd2 {[%clk 1:17:37]} Nc5 {[%clk 1:20:49]} 17. e4
{[%clk 1:15:57]} f4 {[%clk 1:20:59]} 18. f3 {[%clk 1:14:43]} g5 {[%clk 1:20:45]}
19. Be2 {[%clk 1:14:34]} h5 {[%clk 1:21:00]} 20. h3 {[%clk 1:12:53]} Bd7
{[%clk 1:20:43]} 21. a4 {[%clk 1:11:02]} Qb6 {[%clk 1:17:48]} 22. Kh2
{[%clk 1:08:49]} Kg7 {[%clk 1:17:00]} 23. Rg1 {[%clk 1:05:08]} g4
{[%clk 1:16:31]} 24. g3 {[%clk 1:04:48]} h4 {[%clk 1:09:29]} 25. hxg4
{[%clk 1:00:02]} hxg3+ {[%clk 1:09:49]} 26. Kg2 {[%clk 0:59:57]} Nxb3
{[%clk 1:06:26]} 27. Raf1 {[%clk 1:00:14]} Rh8 {[%clk 1:06:45]} 0-1

[Event "escc2023_50"]
[Site "?"]
[Date "2023.05.28"]
[Round "3.17"]
[White "Katzir, Moshe"]
[Black "Cziko, Eduard-Carol"]
[Result "1-0"]
[BlackElo "1885"]
[WhiteElo "2150"]
[LiveChessVersion "1.4.8"]

1. e4 {[%clk 1:30:57]} e6 {[%clk 1:30:53]} 2. d4 {[%clk 1:31:06]} d5
{[%clk 1:31:18]} 3. Nd2 {[%clk 1:31:02]} c5 {[%clk 1:31:41]} 4. exd5
{[%clk 1:30:41]} Qxd5 {[%clk 1:31:53]} 5. dxc5 {[%clk 1:30:24]} Nf6
{[%clk 1:32:03]} 6. Ngf3 {[%clk 1:29:52]} Qxc5 {[%clk 1:32:05]} 7. Bd3
{[%clk 1:28:38]} Nbd7 {[%clk 1:32:02]} 8. O-O {[%clk 1:27:49]} Qc7
{[%clk 1:32:21]} 9. Qe2 {[%clk 1:22:40]} b6 {[%clk 1:30:31]} 10. Ne4
{[%clk 1:14:06]} Be7 {[%clk 1:26:25]} 11. Neg5 {[%clk 0:56:41]} O-O
{[%clk 1:11:06]} 12. b4 {[%clk 0:28:26]} Bb7 {[%clk 0:59:10]} 13. b5
{[%clk 0:16:12]} Nc5 {[%clk 0:50:50]} 14. Ne5 {[%clk 0:12:16]} Bd6
{[%clk 0:44:36]} 15. Ng4 {[%clk 0:10:25]} Nxd3 {[%clk 0:33:48]} 16. Qxd3
{[%clk 0:10:32]} Rfd8 {[%clk 0:34:05]} 17. Nxf6+ {[%clk 0:10:07]} gxf6
{[%clk 0:34:29]} 18. Qxh7+ {[%clk 0:09:33]} Kf8 {[%clk 0:34:40]} 19. Qh6+
{[%clk 0:04:40]} Ke7 {[%clk 0:34:15]} 20. Nh7 {[%clk 0:04:23]} Qc3
{[%clk 0:26:17]} 21. Rb1 {[%clk 0:01:57]} Rg8 {[%clk 0:24:02]} 22. f3
{[%clk 0:01:06]} Rg6 {[%clk 0:24:18]} 23. Qh3 {[%clk 0:00:44]} Rag8
{[%clk 0:23:23]} 24. Ng5 {[%clk 0:00:34]} fxg5 {[%clk 0:21:52]} 25. Rb3
{[%clk 0:00:57]} Qxc2 {[%clk 0:21:15]} 26. Qg4 {[%clk 0:00:46]} Qc5+
{[%clk 0:20:19]} 27. Be3 {[%clk 0:00:41]} Qe5 {[%clk 0:20:34]} 28. g3
{[%clk 0:00:43]} f5 {[%clk 0:17:46]} 29. Qa4 {[%clk 0:00:52]} Bb8
{[%clk 0:17:54]} 30. Bd4 {[%clk 0:00:46]} Qd5 {[%clk 0:17:50]} 31. Rd3
{[%clk 0:00:43]} e5 {[%clk 0:17:22]} 32. Re1 {[%clk 0:00:34]} Re6
{[%clk 0:16:25]} 33. Rde3 {[%clk 0:00:35]} Rgg6 {[%clk 0:16:09]} 34. Bb2
{[%clk 0:00:49]} g4 {[%clk 0:15:58]} 35. Rd1 {[%clk 0:01:08]} f4 {[%clk 0:14:39]}
36. Rxd5 {[%clk 0:01:07]} fxe3 {[%clk 0:14:59]} 37. Rd1 {[%clk 0:00:45]} gxf3
{[%clk 0:15:06]} 38. Qa3+ {[%clk 0:01:08]} Bd6 {[%clk 0:15:12]} 39. Qxa7
{[%clk 0:01:01]} Bc5 {[%clk 0:10:06]} 40. Qxb7+ {[%clk 0:01:26]} Ke8
{[%clk 0:10:23]} 41. Qa8+ {[%clk 0:01:09]} Kf7 {[%clk 0:08:55]} 42. Qxf3+
{[%clk 0:00:33]} Rgf6 {[%clk 0:09:11]} 43. Qh5+ {[%clk 0:29:39]} Ke7
{[%clk 0:39:16]} 44. Qh7+ {[%clk 0:21:55]} Rf7 {[%clk 0:39:32]} 45. Rd7+
{[%clk 0:21:18]} Kxd7 {[%clk 0:39:57]} 46. Qxf7+ {[%clk 0:21:38]} Re7
{[%clk 0:40:18]} 47. Qf5+ {[%clk 0:20:29]} Ke8 {[%clk 0:40:20]} 48. Qc8+
{[%clk 0:20:26]} Kf7 {[%clk 0:40:38]} 49. Kf1 {[%clk 0:20:37]} Re6
{[%clk 0:40:23]} 50. Ke1 {[%clk 0:17:44]} 1-0

[Event "escc2023_50"]
[Site "?"]
[Date "2023.05.28"]
[Round "3.18"]
[White "Balzer, Lars"]
[Black "Atalik, Suat"]
[Result "0-1"]
[BlackElo "2441"]
[WhiteElo "2018"]
[LiveChessVersion "1.4.8"]

1. e4 {[%clk 1:30:57]} e5 {[%clk 1:30:48]} 2. Bc4 {[%clk 1:31:20]} Nf6
{[%clk 1:29:51]} 3. d3 {[%clk 1:31:34]} c6 {[%clk 1:28:14]} 4. Bb3
{[%clk 1:31:39]} Bc5 {[%clk 1:26:04]} 5. Nf3 {[%clk 1:30:20]} d6 {[%clk 1:25:21]}
6. h3 {[%clk 1:29:12]} Nbd7 {[%clk 1:22:52]} 7. c3 {[%clk 1:25:20]} O-O
{[%clk 1:18:29]} 8. Bg5 {[%clk 1:21:04]} Re8 {[%clk 1:14:40]} 9. Nbd2
{[%clk 1:18:07]} h6 {[%clk 1:12:44]} 10. Bh4 {[%clk 1:13:58]} Nf8
{[%clk 1:12:48]} 11. g4 {[%clk 1:12:10]} Ng6 {[%clk 1:11:36]} 12. Bg3
{[%clk 1:11:01]} d5 {[%clk 1:08:51]} 13. Qe2 {[%clk 0:59:35]} a5 {[%clk 1:08:50]}
14. O-O {[%clk 0:52:40]} b6 {[%clk 1:07:29]} 15. Nxe5 {[%clk 0:43:51]} Nxe5
{[%clk 1:06:54]} 16. Bxe5 {[%clk 0:43:26]} Rxe5 {[%clk 1:02:33]} 17. d4
{[%clk 0:43:43]} Ba6 {[%clk 0:45:50]} 18. Qd1 {[%clk 0:28:39]} Bxf1
{[%clk 0:45:39]} 19. dxe5 {[%clk 0:25:27]} Bxh3 {[%clk 0:42:22]} 20. exf6
{[%clk 0:25:49]} Qxf6 {[%clk 0:42:07]} 21. Qf3 {[%clk 0:20:09]} Qg5
{[%clk 0:39:06]} 22. Qxh3 {[%clk 0:18:32]} Qxd2 {[%clk 0:39:23]} 23. exd5
{[%clk 0:15:12]} a4 {[%clk 0:39:24]} 24. Bc4 {[%clk 0:14:03]} cxd5
{[%clk 0:39:40]} 25. Qf3 {[%clk 0:13:10]} Qxf2+ {[%clk 0:39:49]} 26. Qxf2
{[%clk 0:13:29]} Bxf2+ {[%clk 0:40:17]} 27. Kxf2 {[%clk 0:13:50]} dxc4
{[%clk 0:40:40]} 0-1